| 000 | 00953nam a22002537a 4500 | ||
|---|---|---|---|
| 005 | 20170124110213.0 | ||
| 010 | _aA-227007 | ||
| 020 | _c150.00 | ||
| 035 | _aA-227007 | ||
| 037 | _bCen Lib/Ret | ||
| 040 |
_aDPL _bEN |
||
| 082 |
_a025.3 _bNOO |
||
| 100 |
_aNoorul Hasan _938645 |
||
| 245 |
_aCataloguing practice : _cby Noorul Hasan, Kamleshwar Nath [and] J. L. Sardana _baccording to classified catalogue code (Ed 5) classified catalogue code (Ed 5) with Amendment of 1974, and anglo american cataloguing rules-I / |
||
| 260 |
_aNew Delhi _bGitanjali Publishing House _c1984 |
||
| 270 |
_a2/12 Vikram Vihar _bNew Delhi _e110033 |
||
| 300 |
_aviii,419p. : _c24cm(Hb) _bill. |
||
| 500 | _aIncludes index | ||
| 650 |
_aCataloging -- India -- Handbooks, manuals, etc _938646 |
||
| 650 |
_aClassified catalogs. _937097 |
||
| 700 |
_aNath, Kamleshwar _938647 |
||
| 700 |
_aSardana, J L _938648 |
||
| 942 |
_2ddc _cEN _h025.3 _mNOO |
||
| 999 |
_c133689 _d133689 |
||